The Reign of Nicholas II - Statistics

General Stats
  • This quiz has been taken 359 times
  • The average score is 15 of 26
Answer Stats
Hint Answer % Correct
"Mad Monk" who was hard to kill Rasputin
94%
Royal house he belonged to Romanov
86%
Communist faction that seized power in 1917 Bolshevik
85%
Russia lost the disastrous war with this country in 1904-05 Japan
79%
He was canonized by the Russian Orthodox Church in 2000, meaning he became a ... Saint
76%
He was first cousin to this British king George V
74%
And he was also second cousin to this German emperor Wilhelm II
70%
Royalist army that fought the above White Army
68%
His predecessor Alexander III
67%
His children Anastasia
67%
Writer who died in 1910 having never won a Nobel Prize Leo Tolstoy
63%
Type of disease his son was diagnosed with Haemophilia
60%
"Imperial" eggs that were made for his wife and mother Fabergé egg
59%
The first formally constituted version of this Russian legislative body was introduced by him in 1905 Duma
53%
His children Alexei
52%
His wife Alexandra
49%
Two parts of the 1917 revolutions October
47%
Vladimir Lenin
47%
He and his family were executed in this major Russian city Yekaterinburg
46%
Political position in Russia first held by Sergei Witte Prime Minister
43%
Two parts of the 1917 revolutions February
40%
His children Maria
39%
Anti-Jewish riots that took place between 1903–1906 Pogrom
39%
His children Olga
36%
His children Tatiana
31%
Priest who led a peaceful protest in 1905, but was met by the Imperial army firing upon the crowd Georgy Gapon
16%
No matching quizzes found
Score Distribution
Percent of People with Each Score
Percentile by Number Answered
Your Score History
You have not taken this quiz